Normal view
MARC view
- ALLIED SIGNAL- MANAGEMENT, HIGH TECHNOLOGY INDUSTRIES UNITED STATES MANGEMENT CASE STUDIES, INTERNATIONAL BUSINESS ENTERPRISES UNITED STATES MANGEMENT CASE STUDIES, MANAGEMENT INFORMATION SYSTEMS CASE STUDIES
Entry Topical Term
001 - CONTROL NUMBER
- control field: 61202
003 - CONTROL NUMBER IDENTIFIER
- control field: NUST
005 - DATE AND TIME OF LATEST TRANSACTION
- control field: 20210628202717.0
008 - FIXED-LENGTH DATA ELEMENTS
- fixed length control field: 210628|| aca||aabn | a|a d
040 ## - CATALOGING SOURCE
- Original cataloging agency: NUST
- Transcribing agency: NUST
150 ## - HEADING--TOPICAL TERM
- Topical term or geographic name entry element: ALLIED SIGNAL- MANAGEMENT, HIGH TECHNOLOGY INDUSTRIES UNITED STATES MANGEMENT CASE STUDIES, INTERNATIONAL BUSINESS ENTERPRISES UNITED STATES MANGEMENT CASE STUDIES, MANAGEMENT INFORMATION SYSTEMS CASE STUDIES
670 ## - SOURCE DATA FOUND
- Source citation: Work cat.: (NUST): Best, James D 61201, The digital organization, allied signal's success with business technology, 1997
